000 00356cam a22001337a 4500
008 180718b1962 xxu||||| |||| 00| 0 eng d
082 _aB11 M696w
245 _aWhat the human race is up to
_cedited by Naomi Mitchison
260 _aLondon
_bGollancz
_c1962
300 _a400p.
500 _a15/-
650 _aCivilization
700 _aMitchison, Naomi, ed.
999 _c374119
_d374119